000 00807nam a2200265 i 4500
001 134813
003 ES-MaACL
005 20250727022521.0
007 t|
008 070629s1975 sp ||||1| spa d
080 _a1:572
080 _a575.1
080 _a572:1
100 1 _aThibault, Odette.
_9109921
245 1 3 _aEl hombre inacabado
_b: biología y promoción humana /
_cOdette Thibault ; [traducción Juan Merino].
260 _aBarcelona :
_bPlaneta,
_c[1975]
300 _a208 p. ;
_c20 cm.
490 1 _aDifusión Cultural Planeta
650 1 4 _aGenética humana.
_913061
650 7 _aAntropología filosófica
_2embne
_99891
700 1 _aMerino, Juan.
_980523
830 0 _aDifusión Cultural Planeta
_9183332
852 _aES-MaACL
_jA-5843
_bR.94500
999 _c134813
_d134813